| 000 | 00827nam a22002297a 4500 | ||
|---|---|---|---|
| 999 |
_c20403 _d20403 |
||
| 003 | AR-CdUCM | ||
| 008 | 190530b ||||| |||| 00| 0 spa d | ||
| 040 |
_aMUNICIPALIDAD PROVINCIAL DEL CUSCO _cBIBLIOTECA MUNICIPAL DEL CUSCO |
||
| 082 |
_a370.5 / _bG88 |
||
| 100 |
_aGuerra Gonzáles, Alcides B. _942668 |
||
| 245 |
_a1824 - Homenaje - 1987 : _bVida y pureza de la juventud ayacuchsana / |
||
| 260 |
_aAyacucho : _c1987. |
||
| 300 |
_a68 páginas ; _bFotogafias a b/n, _c28 cm. |
||
| 500 | _a[libro reempastado] | ||
| 505 | _aContenido: Matutino, Panamá -- El siglo, Colombia -- Educación de adultos... | ||
| 650 |
_aAnalfabetismo _92410 |
||
| 650 |
_aEducación _9460 |
||
| 650 |
_aJuventud ayacuchana _942669 |
||
| 700 |
_aPrado Prado, César y dela Cruz Eyzanguire _942670 |
||
| 942 |
_2ddc _cLIBROS |
||
| 945 | _aAndy | ||